Countries Mentioned in Breaking Bad - Statistics

General Stats
  • This quiz has been taken 5,553 times
    4,406 since last reset
  • The average score is 17 of 30
Answer Stats
First mention Mentions Country % Correct
S1E1 31 Mexico
98%
S2E8 24 United States
96%
S1E4 4 Canada
93%
S4E7 6 Germany
88%
S4E3 3 France
85%
S2E1 10 China
83%
S2E12 2 Russia
83%
S1E2 2 Colombia
76%
S4E3 2 Italy
71%
S2E12 2 Australia
69%
S3E11 6 Chile
67%
S1E7 2 Cuba
66%
S2E4 4 Ireland
58%
S5E11 1 Sweden
55%
S2E12 5 New Zealand
54%
S3E9 1 Peru
53%
S5E2 1 Poland
53%
S3E2 5 Czechia
48%
S5E1 1 Netherlands
44%
S4E5 2 Greece
43%
S4E3 1 Denmark
42%
S4E6 1 Honduras
42%
S5E10 7 Belize
39%
S2E8 1 Iraq
39%
S3E5 1 Vietnam
35%
S3E2 1 Thailand
33%
S4E3 1 Romania
29%
S2E1 1 Bulgaria
20%
S2E12 1 Belarus
18%
S4E10 2 Luxembourg
12%
No matching quizzes found
Score Distribution
Percent of People with Each Score
Percentile by Number Answered
Your Score History
You have not taken this quiz since the last reset